Statistiques concernant Pays les plus proches de Sint Maarten - une minute sprint

Cliquez ici pour prendre le quiz!

Statistiques générales

  • Ce quiz a été pris 30 fois
  • Le résultat moyen est 11 sur 20

Statistiques - réponses

kmpays% Correct
1381Jamaïque
83%
1180Cuba
79%
633Grenade
75%
905Haïti
75%
488Sainte-Lucie
75%
1093Bahamas
71%
69Saint-Christophe-
et-Niévès
71%
552Saint-Vincent-et-
les-Grenadines
71%
126Antigua-et-
Barbuda
67%
636Barbade
67%
313Dominique
67%
788Trinité-et-Tobago
63%
551République
dominicaine
58%
1105Guyana
46%
779Venezuela
46%
1491Suriname
42%
1445Brésil
38%
1079Colombie
29%
961Aruba
13%
903Curaçao
8%

Distribution des résultats

Percentile par nombre de réponses

% des personnes avec chaque résultat

Votre développement - résultats

Vous n’avez pas pris ce quiz